Pokemon commençant par la lettre H - Gen 1 à 9 - Statistiques

Statistiques générales
  • Ce quiz a été pris 56 fois
  • Le résultat moyen est 14 sur 25
Statistiques - réponses
Réponse % Correct
Ho-Oh
82%
Hariyama
70%
Hypocean
70%
Hyporoi
70%
Hypotrempe
70%
Hoothoot
68%
Héricendre
64%
Hachécateur
61%
Herbizarre
61%
Heatran
57%
Héliatronc
57%
Hippodocus
57%
Hastacuda
55%
Hélédelle
55%
Hippopotas
55%
Hoopa
52%
Hydragon
52%
Hexagel
50%
Hypnomade
50%
Haydaim
48%
Hydragla
48%
Hexadron
45%
Hotte-de-fer
43%
Hélionceau
41%
Hurle-Queue
36%
Aucun quiz correspondant
Distribution des résultats
% des personnes avec chaque résultat
Percentile par nombre de réponses
Votre historique - résultats
Vous n’avez pas pris ce quiz